LEADER 01072cam2 22002771 450 001 SOBE00078652 005 20240118102551.0 010 $a88-348-4404-1 100 $a20240118d2004 |||||ita|0103 ba 101 $aita 102 $aIT 200 1 $a<<4: L'>>esecuzione forzata, i procedimenti speciali non cognitori : procedimenti cautelari : giurisdizione volontaria$fCrisanto Mandrioli 205 $a16. ed 210 $aTorino$cGiappichelli$d2004 215 $a394 p.$d25 cm 461 1$1001E600200006851$12001 $aDiritto processuale civile / Crisanto Mandrioli 700 1$aMandrioli$b, Crisanto$3A600200028689$4070$0227204 801 0$aIT$bUNISOB$c20240118$gRICA 850 $aUNISOB 852 $aUNISOB$j340$m123900 912 $aSOBE00078652 940 $aM 102 Monografia moderna SBN 941 $aM 957 $a340$b004737$i-4$gSI$d123900$1rovito$2UNISOB$3UNISOB$420240118102515.0$520240118102541.0$6rovito 996 $aEsecuzione forzata, i procedimenti speciali non cognitori : procedimenti cautelari : giurisdizione volontaria$93669620 997 $aUNISOB